000 02286cam a22005054i 4500
003 PE-LiUPU
005 20250731173431.0
008 150706s2004 pau r 000 0 spa d
020 _a9781603745109
035 _a(Sirsi) i9781603745109
040 _aPE-LiUPU
_bspa
_cPE-LiUPU
_erda
049 _aPRUA
082 0 4 _a248.86
_bH85
_221
100 1 _aHuch, Larry,
_eautor.
245 1 4 _aLos 7 lugares donde Jesús derramó su sangre /
_cLarry Huch.
246 3 _aSiete lugares donde Jesús derramó su sangre
264 1 _aNew Kensington :
_bWhitaker House,
_c2004.
300 _a112 páginas ;
_c21 centímetros
336 _atext
_2rdacontent
337 _aunmediated
_2rdamedia
338 _avolume
_2rdacarrier
505 0 _aLa sangre de Cristo tiene más poder del que usted se imagina -- En el Getsemaní, Jesús ganó nuestra fuerza de voluntad -- Las llagas en la espalda de Jesús nos devolvieron la salud -- La corona de espinas de Jesús nos devolvió nuestra prosperidad -- Las manos perforadas de Jesús nos devolvieron el dominio sobre las cosas que tocamos -- Los pies perforados de Jesús nos devolvieron el dominio sobre los lugares por donde caminamos -- El corazón perforado de Jesús nos devolvió nuestro gozo -- El cuerpo molido de Jesús ganó nuestra liberación de los dolores y las iniquidades internas.
526 _aSEG42
526 _aSEG41
526 _aSEG40
526 _aSEG39
526 _aP94
526 _aP87
526 _aP86
526 _aP85
526 _aP77
526 _aP76
526 _aP35
541 _g001-0000631;
600 1 _aJesucristo
_xSangre.
650 0 4 _aFamilias
_xVida religiosa.
650 0 4 _aBendición y maldición.
700 1 _aRamos, Sara Raquel,
_etr.
910 _agl
_clch
_d20130808
942 _2ddc
_cBOOK
949 _a248.86 H85
_wDEWEY
_c1
_i67910
_lCCODEBUL1
_mBUL
_p37.00
_r0
_sY
_tBOOK
_u2015-7-6
_xTEOLOGIA
_PP35
_o.STAFF. Colección General
994 _aC0
_bPEPRU
596 _a1
999 _a248.86 H85
_wDEWEY
_c55420
_i67910
_d55420
_e2017-6-21
_f2021-11-10
_g5
_lCCODEBUL1
_mBUL
_n3
_p37.00
_r0
_sY
_tBOOK
_u2015-7-6
_xTEOLOGIA
_PP35
_0COMPRA
_o.STAFF. Colección Teología
980 _81
_gALBERTO SANCHEZ Responsable de Automatización